[Event "Thorigny op 1st "]
[Site "Thorigny"]
[Date "2005.03.??"]
[Round "?"]
[White "Berger, Hugues"]
[Black "Spassov, Liuben"]
[Result "0-1"]
[WhiteElo "1820"]
[BlackElo "2382"]
[PlyCount "62"]
[EventDate "2005.03.17"]
[EventType "swiss"]
[EventRounds "7"]
[EventCountry "FRA"]
[SourceTitle "EXT 2007"]
[Source "ChessBase"]
[SourceDate "2006.11.23"]
[SourceVersion "1"]
[SourceVersionDate "2006.11.23"]
[SourceQuality "1"]

1. e4 c5 2. f4 a6 3. Nf3 e6 4. d4 cxd4 5. Nxd4 Qc7 6. Bd3 Bc5 7. Nb3 Ba7 8. Nc3 Nc6 9. Qg4 g6 10. Rf1 d6 11. f5 Ne5 12. Qg3 Bd7 13. Bg5 h6 14. Bf6 Nxf6 15. fxe6 fxe6 16. Rxf6 0-0-0 17. 0-0-0 Rdf8 18. Rdf1 Rxf6 19. Rxf6 Qd8 20. Rf1 Qg5+ 21. Qxg5 hxg5 22. h3 g4 23. hxg4 Nxg4 24. Nd1 Rh2 25. Rf8+ Kc7 26. Bf1 Rh1 27. Kd2 Nf2 28. Be2 Nxe4+ 29. Kd3 d5 30. Nc3 Nd6 31. Nd2 d4 0-1